Literature, Literally Quiz Stats

 Plays Quiz Updated Nov 15, 2015

Challenge
Share
Tweet
Embed
Score 0/20 Timer 06:00
2 Plays Today
% Correct
A Storm of Swords
91.4%
Brideshead Revisited
91.3%
The Master and Margarita
90.6%
The Call of the Wild
90.4%
Norwegian Wood
89.8%
The Kite Runner
88.8%
Women in Love
88.2%
The Hunt for Red October
87.8%
The Time Machine
87.8%
Of Human Bondage
87.5%
% Correct
The Hunchback of Notre Dame
87.3%
The Catcher in the Rye
86.9%
Vanity Fair
86.2%
Naked Lunch
84.6%
The Bell Jar
82.9%
Daisy Miller
83%
Pride and Prejudice
82.1%
Rabbit is Rich
79.1%
The Count of Monte Cristo
72.7%
Treasure Island
70.7%

You're not logged in!

Compare scores with friends on all Sporcle quizzes.
OR
Log In

You Might Also Like...

Show Comments

Extras

Top Quizzes Today


Score Distribution

Your Account Isn't Verified!

In order to create a playlist on Sporcle, you need to verify the email address you used during registration. Go to your Sporcle Settings to finish the process.

Report this User

Report this user for behavior that violates our Community Guidelines.

Details: